000 00361nam a2200133Ia 4500
008 220204s9999 xx 000 0 und d
082 _a620
_bDOY;1
100 _aDoyle, Lawrence E
245 0 _aManufacturing processes and materials for engineers
250 _a2
260 _aNew Delhi
_bPrentice Hall
_c1975
650 _aManufacturing processes
942 _cBK
999 _c24386
_d24386